Statistics for Songs with "Don't" in the title

Click here to take the quiz!

General Stats

  • This quiz has been taken 101 times
  • The average score is 6 of 20

Answer Stats

ArtistYearSong% Correct
Fleetwood Mac1977Don't Stop
73%
Elton John & Kiki Dee1976Don't Go Breaking My Heart
64%
Journey1981Don't Stop Believin'
59%
Human League1981Don't You Want Me
57%
Yazoo1982Don't Go
53%
Blue Öyster Cult1976(Don't Fear) The Reaper
47%
The Police1980Don't Stand So Close To Me
47%
Simple Minds1985Don't You (Forget About Me)
44%
Queen1978Don't Stop Me Now
34%
Electric Light Orchestra1979Don't Bring Me Down
32%
Oasis1995Don't Look Back In Anger
30%
Crowded House1986Don't Dream It's Over
23%
Weird Al Yankovic1992You Don't Love Me Anymore
21%
The Communards1986Don't Leave Me This Way
13%
Rihanna2007Don't Stop The Music
13%
Steely Dan1974Rikki Don't Lose That Number
12%
Scissor Sisters2006I Don't Feel Like Dancing
11%
Chicane & Bryan Adams2000Don't Give Up
9%
Jamiroquai2005(Don't) Give Hate A Chance
3%
OK Go2002Don't Ask Me
1%

Score Distribution

Percentile by Number Answered

Percent of People with Each Score

Your Score History

You have not taken this quiz